| 000 | 00603nam a2200181 a 4500 | ||
|---|---|---|---|
| 020 | _a0727313193 (v. 2) | ||
| 082 | 0 | 0 |
_a624.151360287 _bHEA _cL-NUST, P-23 |
| 100 | 1 |
_aHead, K. H. _942571 |
|
| 245 | 1 | 0 |
_aManual of soil laboratory testing / _cK. H. Head. |
| 250 | _a2nd ed. | ||
| 260 |
_aLondon : _bPentech Press, _c<1994 > |
||
| 300 |
_av. <2 > : _bVolume 2 _c26 cm. |
||
| 505 | 1 | _a v. 2. Permeability, shear strength, and compressibility tests. | |
| 526 |
_a0 _b0 _c0 _d624_151360287000000_HEA |
||
| 650 | 0 |
_aNUST _96342 |
|
| 650 | 0 |
_aSoils _xTesting _xLaboratory manuals. _940968 |
|
| 942 |
_2ddc _cBK |
||
| 999 |
_c546448 _d546448 |
||